Gaming Quiz

Random Gaming Quiz

League of Legends Ultimate Matching Quiz Stats

Quiz not verified by Sporcle

Challenge
Share
Tweet
Embed
Score 0/30 Timer 10:00
0 Plays Today
Hint Answer % Correct
Demacian JusticeGaren
95.2%
Hyper-Kinetic Position ReverserUrgot
94.8%
Enchanted Crystal ArrowAshe
94.4%
CrowstormFiddlesticks
93.3%
RiftwalkKassadin
90.9%
Bullet TimeMiss Fortune
90.9%
CrescendoSona
88.1%
Fury of the SandsNasus
88.1%
Insanity PotionSinged
87.3%
Death LotusKatarina
86.5%
Glacial StormAnivia
86.1%
Cannon BarrageGangplank
86.1%
Chrono ShiftZilean
86.1%
Static FieldBlitzcrank
85.3%
MimicLeBlanc
85.3%
Hint Answer % Correct
Grand SkyfallPantheon
85.3%
Monsoon Janna
84.5%
Missile BarrageCorki
83.7%
Explosive CaskGragas
83.7%
RequiemKarthus
83.3%
Shadow DanceAkali
80.2%
Transcendent BladesIrelia
77.8%
SadismDr Mundo
77%
Trueshot BarrageEzreal
76.2%
Idol of DurandGalio
74.6%
Slicing MaelstromKennen
70.2%
Malice and SpiteEvelynn
65.5%
Unbreakable WillAlistar
65.5%
Desperate PowerRyze
63.9%
Relentless AssaultJax
54%

You're not logged in!

Compare scores with friends on all Sporcle quizzes.
Join for Free
OR
Log In

You Might Also Like...

Show Comments

Extras

Created Jan 10, 2011ReportNominate
Tags:league, legend, lol, matching, ultimate

Top Quizzes Today


Score Distribution

Your Account Isn't Verified!

In order to create a playlist on Sporcle, you need to verify the email address you used during registration. Go to your Sporcle Settings to finish the process.

Report this User

Report this user for behavior that violates our Community Guidelines.

Details: